| 000 | 00390cam a2200157ua 4500 | ||
|---|---|---|---|
| 041 |
_aeng _h |
||
| 082 |
_a320.58 _bGAN/BA |
||
| 100 | _aGandhi, Manubehn . | ||
| 245 |
_aBapu- My mother / _cManubehn Gandhi. _hTextual Documents |
||
| 260 |
_aAhmadabad : _bNavajivan publishing house , _c1955. |
||
| 300 | _a52 ; . | ||
| 500 | _aannex | ||
| 504 | _a | ||
| 942 | _cBK | ||
| 999 |
_c11135 _d11135 |
||